<?xml version="1.0" encoding="UTF-8"?>
<record
    xmlns:xsi="http://www.w3.org/2001/XMLSchema-instance"
    xsi:schemaLocation="http://www.loc.gov/MARC21/slim http://www.loc.gov/standards/marcxml/schema/MARC21slim.xsd"
    xmlns="http://www.loc.gov/MARC21/slim">

  <leader>01307nam a22002894a 4500</leader>
  <controlfield tag="001">511</controlfield>
  <controlfield tag="003">BR-RjBN</controlfield>
  <controlfield tag="005">20260520083744.0</controlfield>
  <controlfield tag="008">120101s2012    sp            000 f por d</controlfield>
  <datafield tag="020" ind1=" " ind2=" ">
    <subfield code="a">9788581630533</subfield>
  </datafield>
  <datafield tag="040" ind1=" " ind2=" ">
    <subfield code="b">por</subfield>
  </datafield>
  <datafield tag="041" ind1="1" ind2=" ">
    <subfield code="a">por</subfield>
    <subfield code="h">eng</subfield>
  </datafield>
  <datafield tag="082" ind1=" " ind2=" ">
    <subfield code="a">813.6</subfield>
    <subfield code="b">P466l</subfield>
  </datafield>
  <datafield tag="100" ind1="1" ind2=" ">
    <subfield code="a">Perkins, Stephanie.</subfield>
  </datafield>
  <datafield tag="240" ind1="1" ind2="0">
    <subfield code="a">Lola and the Boy Next Door.</subfield>
  </datafield>
  <datafield tag="245" ind1="1" ind2="0">
    <subfield code="a">Lola e o garoto da casa ao lado :</subfield>
    <subfield code="b">a f&#xF3;rmula perfeita para paix&#xE3;o e o humor /</subfield>
    <subfield code="c">Stephanie Perkins.</subfield>
  </datafield>
  <datafield tag="260" ind1=" " ind2=" ">
    <subfield code="a">S&#xE3;o Paulo :</subfield>
    <subfield code="b">Novo Conceito,</subfield>
    <subfield code="c">2012.</subfield>
  </datafield>
  <datafield tag="300" ind1=" " ind2=" ">
    <subfield code="a">288 p. ;</subfield>
  </datafield>
  <datafield tag="520" ind1=" " ind2=" ">
    <subfield code="a">Lola Nolan &#xE9; uma adolescente criativa e apaixonada por roupas extravagantes, enxergando a moda como uma forma de express&#xE3;o pessoal. Sua vida parece perfeita at&#xE9; a volta dos g&#xEA;meos Calliope e Cricket Bell ao bairro. Ao reencontrar Cricket, um jovem inventor por quem j&#xE1; teve sentimentos, Lola passa a enfrentar conflitos emocionais e questionamentos sobre amor, amizade e amadurecimento. O romance aborda descobertas afetivas e os desafios t&#xED;picos da juventude de maneira leve e envolvente.</subfield>
  </datafield>
  <datafield tag="650" ind1=" " ind2="0">
    <subfield code="a">Literatura norte-americana.</subfield>
  </datafield>
  <datafield tag="650" ind1=" " ind2="0">
    <subfield code="a">Adolesc&#xEA;ncia.</subfield>
    <subfield code="9">1093</subfield>
  </datafield>
  <datafield tag="650" ind1=" " ind2="0">
    <subfield code="a">Relacionamentos amorosos.</subfield>
    <subfield code="9">1098</subfield>
  </datafield>
  <datafield tag="650" ind1=" " ind2="0">
    <subfield code="a">Amizade.</subfield>
    <subfield code="9">556</subfield>
  </datafield>
  <datafield tag="655" ind1=" " ind2="0">
    <subfield code="a">Romance juvenil.</subfield>
  </datafield>
  <datafield tag="655" ind1=" " ind2="0">
    <subfield code="a">Fic&#xE7;&#xE3;o.</subfield>
    <subfield code="9">22</subfield>
  </datafield>
  <datafield tag="942" ind1=" " ind2=" ">
    <subfield code="2">ddc</subfield>
    <subfield code="n">0</subfield>
    <subfield code="c">BK</subfield>
  </datafield>
  <datafield tag="952" ind1=" " ind2=" ">
    <subfield code="0">0</subfield>
    <subfield code="1">0</subfield>
    <subfield code="2">ddc</subfield>
    <subfield code="4">0</subfield>
    <subfield code="7">0</subfield>
    <subfield code="8">FIC</subfield>
    <subfield code="a">BIBIB</subfield>
    <subfield code="b">BIBIB</subfield>
    <subfield code="c">IJ</subfield>
    <subfield code="d">2026-05-20</subfield>
    <subfield code="e">doa&#xE7;&#xE3;o</subfield>
    <subfield code="l">0</subfield>
    <subfield code="o">813 / P466l</subfield>
    <subfield code="p">2026-17446</subfield>
    <subfield code="r">2026-05-20 08:33:09</subfield>
    <subfield code="w">2026-05-20</subfield>
    <subfield code="y">BK</subfield>
  </datafield>
  <datafield tag="999" ind1=" " ind2=" ">
    <subfield code="c">511</subfield>
    <subfield code="d">511</subfield>
  </datafield>
</record>
